000 00983nam a2200277 i 4500
001 17233
003 ES-MaACL
005 20230906151529.0
007 t|
008 010123s2000 sp |||| | spa j
020 _a84-7846-957-5
080 _a336.1/.5(460.18)"12"
080 _a336.74(460.18)"12"
100 1 _aCastán Lanaspa, Guillermo.
_936389
245 1 0 _aPolítica económica y poder político
_b: moneda y fisco en el reinado de Alfonso X el Sabio /
_cGuillermo Castán Lanaspa.
260 _a[Valladolid] :
_bConsejería de Educación y Cultura,
_c2000.
300 _a234 p. ;
_c24 cm.
490 1 _aEstudios de historia
500 _aBasado en la tesis del autor.
650 0 4 _aHacienda pública-
_zCastilla (Reino)
_913280
650 1 4 _aMoneda-
_zCastilla (Reino)-
_yS.XIII.
_915156
710 1 _aCastilla y León.
_bConsejería de Educación y Cultura.
_92500
830 0 _aEstudios de historia
_9179197
852 _aES-MaACL
_jL-24229
999 _c17233
_d17233